000 00901cab a2200253 4500
001 ABS45942
008 090401t1992 xxu||||| |||| 00| 0 eng d
035 _a(Sirsi) u56003
041 _aeng
245 _aArchitects and copyright : a familiar tale
260 _c1992
350 _a0
490 _aEstates Gazette
_v(9206) 15 February 1992, 118-119(2)
520 _aDiscusses, by way of a fictional case study, the extent to which architects can rely on the law of copyright to prevent the use of works commissioned from them. It also examines the effect of the terms of laid down by RIBA for the appointment of architects.
650 _aARTISTIC WORK
650 _aCOPYRIGHT DESIGNS AND PATENTS ACT 1988
650 _aINFRINGEMENT OF COPYRIGHT
650 _aLICENCES
650 _aOWNERSHIP
650 _aSTOVIN-BRADFORD CASE
690 _aLAW
942 _n0
948 _c04/03/1997
999 _c34204
_d34204